Responsabilidade Civil

Detalles Bibliográficos
Autor principal: de Moraes Mello, Cleyson
Formato: eBook
Lenguaje:portugués
Publicado: Rio de Janeiro: Editora Processo, 2022
Materias:
Acceso en línea:Acceso restringido

MARC

LEADER 00000nam a22000007a 4500
005 20220817215530.0
007 cr|||| ||||
008 220817s2022 br |||||s|||| 00||0 por d
020 |a 978658935198-6 
035 |a 36853 
040 |a vLex 
090 |c 13731  |d 13731 
100 1 |a de Moraes Mello, Cleyson 
245 1 0 |a Responsabilidade Civil  |h [Recurso electrn̤ico] /  |c Cleyson de Moraes Mello 
256 |a Servicio en ln̕ea 
260 |a Rio de Janeiro:  |b Editora Processo,  |c 2022 
300 |a 1 recurso electrn̤ico 
500 |a Esta obra oferece uma clara e panorḿica visô de como vm̊ sendo realizado os estudos e pesquisas sobre a Responsabilidade Civil. O autor apresenta uma personals̕sima anl̀ise do mais refinado pensamento desta disciplina abordando temas como: responsabilidade civil subjetiva e objetiva; responsabilidade civil direta e indireta; os pressupostos da responsabilidade civil; responsabilidade civil pr-̌contratual e ps̤-contratual; responsabilidade civil por fato de terceiro; responsabilidade civil por fato de animal; responsabilidade civil por coisas inanimadas; responsabilidade civil do Estado; perdas e danos, dentre outros temas. A obra possibilita, portanto, o conhecimento do enfoque acadm̊ico relativamente ̉teoria e prt̀ica do Direito, primando pela qualidade dos conceitos e categorias jurd̕icas. 
506 1 |a Disponible solo en los productos indicados  |d vLex Global  |d vLex Global (Academic Edition, excluding Law Schools)  |d vLex Global (U.S. Academic Edition, Law Schools)  |d vLex Global (U.S. Academic Edition, excluding Law Schools)  |d vLex Global (Academic Edition, Law Schools) 
650 0 4 |a Derecho Civil  |z Brasil 
740 0 |a vLex Libros (Servicio en ln̕ea) 
856 4 0 |u https://app.vlex.com/#/sources/36853  |z Acceso restringido 
942 |c BOOK 
999 0 |a Civil Law